Estadísticas para ¿Qué ciudad en Europa? - Opción multiple

Haz click aquí para intentar la prueba.

Estadísticas generales

  • Esta prueba ha sido intentada 158 veces
  • La puntuación promedio es 8 de 15

Estadísticas de respuestas

PreguntaRespuesta% Correcto
Ubicación de OktoberfestMunich
76%
Donde se muestra La GiocondaParís
75%
La ciudad más grande de las Islas CanariasSanta Cruz de Tenerife
67%
Hogar de la casa oculta de Ana Frank de la Segunda Guerra MundialÁmsterdam
66%
Está más al oesteDublín
60%
Ubicación del Palacio TopkapıEstambul
59%
Ciudad principal de CerdeñaCagliari
54%
No está en la orilla de un lagoBerna
53%
¿Qué ciudad es la más cercana a otra capital?Bratislava
47%
La capital y ciudad más grande de RodasRodas
41%
Gastas euros aquíTallin
41%
¿La ciudad más al norte?Estocolmo
36%
Tiene la mayor población del área urbanaMilán
36%
Organizó unos juegos olímpicos de invierno más recientementeTurin
32%
Lugar de nacimiento de Gustave EiffelDijon
19%

Distribución de puntuación

Porcentaje por número respondido

Porcentaje de gente con cada puntuación

Historial de tus puntuaciones

No has intentado esta prueba.